| 000 | 00864 a2200277 4500 | ||
|---|---|---|---|
| 001 | TB12084 | ||
| 003 | IN-BhIIT | ||
| 005 | 20250805082319.0 | ||
| 008 | 250103b |||||||| |||| 00| 0 eng d | ||
| 020 | _a9781838828714 (pbk) | ||
| 040 | _aIN-BhIIT | ||
| 041 | _aeng | ||
| 082 |
_a005.43 _bDAK/M |
||
| 100 |
_aDakic, Vedran. _eAuthor _925124 |
||
| 245 |
_aMastering KVM virtualization / _cby Vedran Dakic ... [et al.]. |
||
| 250 | _a2nd ed. | ||
| 260 |
_aBrimingham : _bPackt, _c2020. |
||
| 300 |
_axiii, 663 p. : _bill. ; _c24 cm. |
||
| 504 | _aIncludes bibliographical references and index. | ||
| 650 |
_aComputer science _93297 |
||
| 650 |
_aSystems programs _925125 |
||
| 700 |
_aChirammal, Humble Devassy _eJoint author _925126 |
||
| 700 |
_aMukhedkar, Prasad _eJoint author _925127 |
||
| 700 |
_aVettathu, Anil _eJoint author _925128 |
||
| 942 |
_cTB _05 |
||
| 999 |
_c14593 _d14593 |
||